A social média befolyása az utazási desztináció kiválasztásában

Bibliographic Details
Main Author: Kiács Dorina
Other Authors: Kálmán István
Format: Project work
Kulcsszavak:befolyásolás
közösségi média
turisztikai desztináció
turizmus
utazási irodák
utazásszervezés
Online Access:http://dolgozattar.uni-bge.hu/60025

MARC

LEADER 00000nnm a2200000 i 4500
001 dolg60025
005 20260409145904.0
008 260409suuuu hu o 000 hun d
040 |a BGE Dolgozattár Repozitórium  |b hun 
041 |a hu 
100 1 |a Kiács Dorina 
245 1 2 |a A social média befolyása az utazási desztináció kiválasztásában  |c Kiács Dorina  |h [elektronikus dokumentum] 
516 |a Project_work 
520 3 |a A dolgozatom célja annak bemutatása, hogy a social média hogyan befolyásolja afogyasztók utazási döntéseit, a desztináció kiválasztásának folyamata alatt. A közösségiplatformok, mint például az Instagram, Facebook, TikTok és YouTube tartalmai nagyobbhatással vannak az utazók inspirációjára és motivációjára. A dolgozat során kitértem arra, hogya felhasználók hogyan használják ezeket a felületeket információgyűjtésre, valamint arra, hogymilyen szerepet játszanak az influencerek és a vélemények a döntéshozatal során. 
695 |a befolyásolás 
695 |a közösségi média 
695 |a turisztikai desztináció 
695 |a turizmus 
695 |a utazási irodák 
695 |a utazásszervezés 
700 1 |a Kálmán István  |e ths 
856 4 0 |u http://dolgozattar.uni-bge.hu/60025/1/projektmunka.kiacsdorina.2025.k%C3%A9sz.pdf  |z Dokumentum-elérés 
856 4 0 |u http://dolgozattar.uni-bge.hu/60025/2/Ki%C3%A1cs%20Dorina%20Projektmunka%20b%C3%ADr%C3%A1lati%20lap.xlsx.pdf  |z Dokumentum-elérés